| 000 | 00480nam a2200181Ia 4500 | ||
|---|---|---|---|
| 001 | 8769 | ||
| 005 | 20260306160634.0 | ||
| 008 | 260306t2007||||xx |||||||||||||| ||spa|| | ||
| 041 | _aESP | ||
| 082 |
_a371.33 _bG22 2008 |
||
| 100 |
_aGaraigordobil Landazabal, Maite _eAUT |
||
| 245 | 0 | _aJuegos cooperativos y creativos para grupos de niños de 4 a 6 años | |
| 260 | _c2007 | ||
| 300 |
_a357 páginas : _c23 cm. |
||
| 650 | _aGEN | ||
| 654 | _aCED | ||
| 942 |
_cLIB _dJUS _fJUS _2ddc _n |
||
| 999 |
_c8769 _d8769 |
||